000 01046cam a2200301 4500
001 1235991
003 OSt
005 20230703150910.0
008 690904t19691968wau b 001 0 eng
010 _a 69020034
040 _aDLC
_cDLC
_dDLC
043 _aa-ja---
082 0 0 _a342.52
_bHEN
245 0 4 _aThe Constitution of Japan, its first twenty years, 1947-67.
_cEdited by Dan Fenno Henderson.
260 _aSeattle,
_bUniversity of Washington Press
_c[1969, c1968]
300 _axv, 323 p.
_c24 cm.
350 _a9.50
440 0 _aAsian law series,
_vno. 1
500 _a"The first eleven articles ... appeared originally in the Washington law review, vol. 43 (1968)"
500 _a"The Constitution of Japan": p. 301-315.
504 _aBibliographical footnotes.
650 0 _aConstitutional history
_zJapan.
700 1 _aHenderson, Dan Fenno,
_d1921-
_eed.
710 1 2 _aJapan.
_tKenpō (1946).
_lEnglish.
_f1969.
906 _a7
_bcbc
_corignew
_du
_encip
_f19
_gy-gencatlg
942 _2ddc
_cBK
999 _c3374
_d3374